Diccionario de citas : verdades y semiverdades, axiomas y paradojas, flores del genio y del ingenio de los grandes pensadores, escritores y hombres célebres de todos los tiempos, compilados en más de 12.500 frases y ordenados según sus materias /

Salvato in:
Dettagli Bibliografici
Autore principale: Goicoechea, Cesáreo (autor)
Natura: Libro
Lingua:spagnolo
Pubblicazione: Madrid, España : Dossat, 2001, c2001
Edizione:10a edición
Soggetti:
Tags: Aggiungi Tag
Nessun Tag, puoi essere il primo ad aggiungerne!!

MARC

LEADER 00000nam^a2200000^a^4500
001 000154454
005 20250521000000.0
009 20260310100354.649
020 |a 84-95312-43-3 
037 |a Acervo ITESO - Biblioteca 
041 |a ESP 
082 |a 808. 882  |b GOI 
100 |a Goicoechea, Cesáreo  |e (autor) 
245 1 0 |a Diccionario de citas :  |b verdades y semiverdades, axiomas y paradojas, flores del genio y del ingenio de los grandes pensadores, escritores y hombres célebres de todos los tiempos, compilados en más de 12.500 frases y ordenados según sus materias /  |c C. Goicoechea. 
250 |a 10a edición 
264 4 |a Madrid, España :  |b Dossat,  |c 2001, c2001 
336 |a texto  |b txt  |2 rdacontenido 
337 |a sin mediación  |b n  |2 rdamedio 
338 |a volumen  |b nc  |2 rdasoporte 
649 |a XX 
650 |a Citas, Máximas, etc. -  |x Enciclopedias y Diccionarios 
650 |a Citas, Máximas, etc. -  |x Enciclopedias y Diccionarios 
650 |a Literatura -  |x Enciclopedias y Diccionarios 
650 |a Enciclopedias y Diccionarios 
910 |a Fondo General 
920 |a Impresos - Libros 
930 |a Obras de Referencia 
940 |a Literatura 
905 |a 102 
901 |a 0500085881  |b IT2  |c REF  |u 20250521 
902 |a https://opac.biblio.iteso.mx/vufind/Record/000154454